000 00634nam a2200205Ia 4500
001 3002
003 GE_BSU
008 181216s||||||||xx |||||||||||||| ||und||
040 _cGE_BSU
080 _a621.1(035)
245 _aТеплотехнический справочник в двух томах. Том 2.
245 _cПод общ. ред. В.Н.Юренева и П.Д.Леведева.
250 _aИзд. 2-е, перераб.
260 _aМ.
260 _bЭнергия.
260 _c1962.
300 _a896 стр. с илл.
653 _aТеплотехнический справочник.
942 _cBK
999 _c37048
_d37048